000 00820ngm a2200181 i 4500
001 C2-0343719
003 PPAK
005 20180727222759.0
008 171119s2006 cau|||| ||||| | vleng d
040 _aPPAK
_beng
_cPPAK
_erda
245 1 4 _aThe fast and the furious :
_bTokyo drift
264 1 _aCalifornia ; Ampang Selangor :
_bUniversal Pictures; HVN Entertainment Sdn. Bhd. (Malaysia Distributor) ,
_c2006
500 _aSummary : When convicted street racer Sean Boswell tries to start a new life on the other side of the world, his obsession with racing sets him on a collision course with the Japanese underworld. To survive, he will have to master drifting,
700 _eauthor
700 1 _aLin, Justin,
_ecompile
700 1 _aMatsumoto, Kelly ; Puett, Dallas ; Raskin, Fred,
_eeditor
942 _2ddc
_cDVD
999 _c168053
_d168053